US Presidential Election 1972: Match-Up Quiz Stats

Quiz not verified by Sporcle

Challenge
Share
Tweet
Score 0/22 Timer 03:00
0 Plays Today
% Correct
Richard
96.2%
Watergate
96.1%
Spiro
94.7%
Don't Blame Me
93.6%
Acid, Amnesty,
93.5%
Nixon Now,
92.9%
Hubert
92.5%
electroshock
92.5%
Vietnam Veterans
91%
The Boys
89.1%
George
88.9%
% Correct
George Wallace
86.8%
Come home,
82.1%
Southern
77.6%
Sargent
75.8%
Shirley
69.7%
Robert
66.2%
dirty tricks
63.5%
Thomas
62.1%
Arthur
60.7%
McGovern
59.4%
Canuck
40.2%

You're not logged in!

Compare scores with friends on all Sporcle quizzes.
Sign Up with Email
OR
Log In

You Might Also Like...

Show Comments

Extras

Top Quizzes Today


Score Distribution

Your Account Isn't Verified!

In order to create a playlist on Sporcle, you need to verify the email address you used during registration. Go to your Sporcle Settings to finish the process.

Report this User

Report this user for behavior that violates our Community Guidelines.

Details: